Normal view
MARC view
- Cyber intelligence (Computer security) Hackers-Social networks-Social sciences-Networks analysis-Data mining
Entry Topical Term
001 - CONTROL NUMBER
- control field: 6684
003 - CONTROL NUMBER IDENTIFIER
- control field: JO-AjAnu
005 - DATE AND TIME OF LATEST TRANSACTION
- control field: 20230606071401.0
008 - FIXED-LENGTH DATA ELEMENTS
- fixed length control field: 230606|| aca||aabn | a|a d
040 ## - CATALOGING SOURCE
- Original cataloging agency: JO-AjAnu
- Transcribing agency: JO-AjAnu
150 ## - HEADING--TOPICAL TERM
- Topical term or geographic name entry element: Cyber intelligence (Computer security) Hackers-Social networks-Social sciences-Networks analysis-Data mining
670 ## - SOURCE DATA FOUND
- Source citation: Work cat.: (JO-AjAnu)3462: marin,Ericsson…..ect, author 6683, Exploring Malicious Hacker Communities:Toward Proactive Cyber-Defense